Złota Piłka 2002 - Top 10 - Statystyki

Ogólne statystyki
  • Ten quiz został rozwiązany 247 razy
  • Średni wynik to 6 z 10
Statystyki odpowiedzi
Lp. Klub Kraj Zawodnik % Poprawnych
1 Real M. Brazylia Ronaldo
96%
6 Arsenal Francja Thierry Henry
89%
4 Real M. Francja Zinedine Zidane
85%
2 Real M. Brazylia Roberto Carlos
83%
7 Real M. Hiszpania Raul Gonzalez
78%
3 Bayern Niemcy Oliver Kahn
71%
10 Juventus Włochy Alessandro del Piero
44%
8 Milan Brazylia Rivaldo
33%
5 Bayern Niemcy Michael Ballack
22%
9 Leverkusen Turcja Yildiray Basturk
5%
Nie znaleziono quizów pasujących do podanych kryteriów
Rozkład punktacji
Procent ludzi z każdym wynikiem
Percentyl według liczby udzielonych odpowiedzi
Twoja historia wyników
Nie rozwiązałeś tego quizu